Wards of Sutton, London (2002 - 2022) - Statistics

General Stats
  • This quiz has been taken 12 times
  • The average score is 5 of 18
Answer Stats
Answer % Correct
Cheam
100%
St Helier
50%
Belmont
33%
Nonsuch
33%
Sutton North
33%
Sutton South
33%
Worcester Park
33%
Beddington North
17%
Beddington South
17%
Carshalton Central
17%
Stonecot
17%
Sutton Central
17%
Sutton West
17%
Wallington North
17%
Wallington South
17%
Wandle Valley
17%
Carshalton South and the Clockhouse
0%
The Wrythe
0%
No matching quizzes found
Score Distribution
Percent of People with Each Score
Percentile by Number Answered
Your Score History
You have not taken this quiz